| 000 | 00668nam a2200193Ia 4500 | ||
|---|---|---|---|
| 008 | 151121s9999||||xx |||||||||||||| ||und|| | ||
| 082 | _a509/खरे | ||
| 082 | _bHNW-58210 | ||
| 100 | _aखरे नंदा | ||
| 245 | _aज्ञाताच्या कुंपणावरुन | ||
| 260 | _b"ग्रंथाली वाचक चळवळ, मुंबई।" | ||
| 260 | _c-- | ||
| 300 | _a158 | ||
| 600 | _aखरे नंदा | ||
| 630 | _aज्ञाताच्या कुंपणावरुन | ||
| 700 | _aखरे नंदा | ||
| 730 | _aज्ञाताच्या कुंपणावरुन | ||
| 942 | _cBOOK | ||
| 999 |
_c1240136 _d1240133 |
||